| 000 | 00458nam a2200181Ia 4500 | ||
|---|---|---|---|
| 008 | 240925s9999 xx 000 0 und d | ||
| 020 | _a9789834711948 | ||
| 082 | _a658.4 KAM | ||
| 100 | _aKamaluddin, Norlida | ||
| 245 | 0 | _aPrinciples of Management | |
| 250 | _a2nd | ||
| 260 |
_aKarachi: _bOxford University Press _c,2014. |
||
| 300 |
_a222p. _b0 _fOriginal |
||
| 500 | _aIncludes Index | ||
| 600 | _aManagement | ||
| 650 | _aManagement | ||
| 942 | _cBK | ||
| 999 |
_c16741 _d16741 |
||